NLSUI OPAC header image

Ideology and modern culture : Critical social theory in the era of mass communication (Record no. 39143)

MARC details
000 -LEADER
fixed length control field 00872nam a2200217Ia 4500
003 - CONTROL NUMBER IDENTIFIER
control field OSt
005 - DATE AND TIME OF LATEST TRANSACTION
control field 20201015153928.0
008 - FIXED-LENGTH DATA ELEMENTS--GENERAL INFORMATION
fixed length control field 160316s1990 xxu||||| |||| 00| 0 eng d
020 ## - INTERNATIONAL STANDARD BOOK NUMBER
International Standard Book Number 9780745600826
040 ## - CATALOGING SOURCE
Transcribing agency nls
082 ## - DEWEY DECIMAL CLASSIFICATION NUMBER
Classification number 306.000000
Item number THO
100 ## - MAIN ENTRY--PERSONAL NAME
Personal name Thompson John B
245 ## - TITLE STATEMENT
Title Ideology and modern culture : Critical social theory in the era of mass communication
260 ## - PUBLICATION, DISTRIBUTION, ETC.
Place of publication, distribution, etc. London
Name of publisher, distributor, etc. Polity Press
Date of publication, distribution, etc. 1990
300 ## - PHYSICAL DESCRIPTION
Extent 362p
Dimensions vii
365 ## - TRADE PRICE
Price amount Rs. 2,445
505 ## - FORMATTED CONTENTS NOTE
Formatted contents note Table of contents<br/>Preface. Introduction. 1. The Concept of Ideology. 2. Ideology in Modern Societies. 3. The Concept of Culture. 4. Cultural Transmission and Mass Communication. 5. Towards a Social Theory of Mass Communication. 6. The Methodology of Interpretation. Notes. Index.
650 ## - SUBJECT ADDED ENTRY--TOPICAL TERM
Topical term or geographic name entry element 1. Ideology - Culture 2. Sociology - Mass Media
700 ## - ADDED ENTRY--PERSONAL NAME
Personal name
--
942 ## - ADDED ENTRY ELEMENTS (KOHA)
Source of classification or shelving scheme Dewey Decimal Classification
Koha item type BOOKs
Holdings
Withdrawn status Lost status Damaged status Not for loan Home library Current library Shelving location Date acquired Cost, normal purchase price Total Checkouts Full call number Barcode Date last seen Price effective from Koha item type
        NLS NLS General Stacks 30/05/2017 2445.00   306 THO 33195 30/05/2017 30/05/2017 BOOKs